<?xml version="1.0" encoding="UTF-8"?>
<record
    xmlns:xsi="http://www.w3.org/2001/XMLSchema-instance"
    xsi:schemaLocation="http://www.loc.gov/MARC21/slim http://www.loc.gov/standards/marcxml/schema/MARC21slim.xsd"
    xmlns="http://www.loc.gov/MARC21/slim">

  <leader>00794cam a22002414a 4500</leader>
  <controlfield tag="001">13140451</controlfield>
  <controlfield tag="005">20180109081342.0</controlfield>
  <controlfield tag="008">030328s2004    nyua     b    001 0 eng  </controlfield>
  <datafield tag="010" ind1=" " ind2=" ">
    <subfield code="a">  2003048688</subfield>
  </datafield>
  <datafield tag="020" ind1=" " ind2=" ">
    <subfield code="a">0195167074</subfield>
  </datafield>
  <datafield tag="040" ind1=" " ind2=" ">
    <subfield code="a">DLC</subfield>
    <subfield code="c">DLC</subfield>
    <subfield code="d">DLC</subfield>
  </datafield>
  <datafield tag="041" ind1=" " ind2=" ">
    <subfield code="a">eng</subfield>
  </datafield>
  <datafield tag="042" ind1=" " ind2=" ">
    <subfield code="a">pcc</subfield>
  </datafield>
  <datafield tag="080" ind1=" " ind2=" ">
    <subfield code="a">302.2 RON</subfield>
  </datafield>
  <datafield tag="082" ind1="0" ind2="0">
    <subfield code="a">302.2 RON</subfield>
    <subfield code="2">21</subfield>
  </datafield>
  <datafield tag="100" ind1="1" ind2=" ">
    <subfield code="a">40</subfield>
  </datafield>
  <datafield tag="101" ind1=" " ind2=" ">
    <subfield code="a">MED</subfield>
  </datafield>
  <datafield tag="245" ind1="1" ind2="0">
    <subfield code="a">Interplay :</subfield>
    <subfield code="c">Ronald B. Adler, Lawrence B. Rosenfeld, Russell F. Proctor II.</subfield>
  </datafield>
  <datafield tag="504" ind1=" " ind2=" ">
    <subfield code="a">Includes bibliographical references (p. 384-417) and indexes.</subfield>
  </datafield>
  <datafield tag="906" ind1=" " ind2=" ">
    <subfield code="a">7</subfield>
    <subfield code="b">cbc</subfield>
    <subfield code="c">orignew</subfield>
    <subfield code="d">1</subfield>
    <subfield code="e">ocip</subfield>
    <subfield code="f">20</subfield>
    <subfield code="g">y-gencatlg</subfield>
  </datafield>
  <datafield tag="942" ind1=" " ind2=" ">
    <subfield code="2">ddc</subfield>
    <subfield code="c">BK</subfield>
  </datafield>
  <datafield tag="999" ind1=" " ind2=" ">
    <subfield code="c">39950</subfield>
    <subfield code="d">39950</subfield>
  </datafield>
  <datafield tag="952" ind1=" " ind2=" ">
    <subfield code="0">0</subfield>
    <subfield code="1">0</subfield>
    <subfield code="2">ddc</subfield>
    <subfield code="4">0</subfield>
    <subfield code="7">0</subfield>
    <subfield code="a">002</subfield>
    <subfield code="b">002</subfield>
    <subfield code="d">2018-01-09</subfield>
    <subfield code="l">0</subfield>
    <subfield code="o">302.2 RON</subfield>
    <subfield code="p">002-2994994</subfield>
    <subfield code="r">2018-01-09</subfield>
    <subfield code="w">2018-01-09</subfield>
    <subfield code="y">BK</subfield>
  </datafield>
  <datafield tag="952" ind1=" " ind2=" ">
    <subfield code="0">0</subfield>
    <subfield code="1">0</subfield>
    <subfield code="2">ddc</subfield>
    <subfield code="4">0</subfield>
    <subfield code="7">0</subfield>
    <subfield code="a">002</subfield>
    <subfield code="b">002</subfield>
    <subfield code="d">2018-01-09</subfield>
    <subfield code="l">0</subfield>
    <subfield code="o">302.2 RON</subfield>
    <subfield code="p">002-2994989</subfield>
    <subfield code="r">2018-01-09</subfield>
    <subfield code="w">2018-01-09</subfield>
    <subfield code="y">BK</subfield>
  </datafield>
  <datafield tag="952" ind1=" " ind2=" ">
    <subfield code="0">0</subfield>
    <subfield code="1">0</subfield>
    <subfield code="2">ddc</subfield>
    <subfield code="4">0</subfield>
    <subfield code="7">0</subfield>
    <subfield code="a">002</subfield>
    <subfield code="b">002</subfield>
    <subfield code="d">2018-01-09</subfield>
    <subfield code="l">0</subfield>
    <subfield code="o">302.2 RON</subfield>
    <subfield code="p">002-2994984</subfield>
    <subfield code="r">2018-01-09</subfield>
    <subfield code="w">2018-01-09</subfield>
    <subfield code="y">BK</subfield>
  </datafield>
  <datafield tag="952" ind1=" " ind2=" ">
    <subfield code="0">0</subfield>
    <subfield code="1">0</subfield>
    <subfield code="2">ddc</subfield>
    <subfield code="4">0</subfield>
    <subfield code="7">0</subfield>
    <subfield code="a">002</subfield>
    <subfield code="b">002</subfield>
    <subfield code="d">2018-01-09</subfield>
    <subfield code="l">0</subfield>
    <subfield code="o">302.2 RON</subfield>
    <subfield code="p">002-2994979</subfield>
    <subfield code="r">2018-01-09</subfield>
    <subfield code="w">2018-01-09</subfield>
    <subfield code="y">BK</subfield>
  </datafield>
  <datafield tag="952" ind1=" " ind2=" ">
    <subfield code="0">0</subfield>
    <subfield code="1">0</subfield>
    <subfield code="2">ddc</subfield>
    <subfield code="4">0</subfield>
    <subfield code="7">0</subfield>
    <subfield code="a">002</subfield>
    <subfield code="b">002</subfield>
    <subfield code="d">2018-01-09</subfield>
    <subfield code="l">0</subfield>
    <subfield code="o">302.2 RON</subfield>
    <subfield code="p">002-2994974</subfield>
    <subfield code="r">2018-01-09</subfield>
    <subfield code="w">2018-01-09</subfield>
    <subfield code="y">BK</subfield>
  </datafield>
  <datafield tag="952" ind1=" " ind2=" ">
    <subfield code="0">0</subfield>
    <subfield code="1">0</subfield>
    <subfield code="2">ddc</subfield>
    <subfield code="4">0</subfield>
    <subfield code="7">0</subfield>
    <subfield code="a">002</subfield>
    <subfield code="b">002</subfield>
    <subfield code="d">2018-01-09</subfield>
    <subfield code="l">0</subfield>
    <subfield code="o">302.2 RON</subfield>
    <subfield code="p">002-2994969</subfield>
    <subfield code="r">2018-01-09</subfield>
    <subfield code="w">2018-01-09</subfield>
    <subfield code="y">BK</subfield>
  </datafield>
  <datafield tag="952" ind1=" " ind2=" ">
    <subfield code="0">0</subfield>
    <subfield code="1">0</subfield>
    <subfield code="2">ddc</subfield>
    <subfield code="4">0</subfield>
    <subfield code="7">0</subfield>
    <subfield code="a">002</subfield>
    <subfield code="b">002</subfield>
    <subfield code="d">2018-01-09</subfield>
    <subfield code="l">0</subfield>
    <subfield code="o">302.2 RON</subfield>
    <subfield code="p">002-2994964</subfield>
    <subfield code="r">2018-01-09</subfield>
    <subfield code="w">2018-01-09</subfield>
    <subfield code="y">BK</subfield>
  </datafield>
  <datafield tag="952" ind1=" " ind2=" ">
    <subfield code="0">0</subfield>
    <subfield code="1">0</subfield>
    <subfield code="2">ddc</subfield>
    <subfield code="4">0</subfield>
    <subfield code="7">0</subfield>
    <subfield code="a">002</subfield>
    <subfield code="b">002</subfield>
    <subfield code="d">2018-01-09</subfield>
    <subfield code="l">0</subfield>
    <subfield code="o">302.2 RON</subfield>
    <subfield code="p">002-2995118</subfield>
    <subfield code="r">2018-01-09</subfield>
    <subfield code="w">2018-01-09</subfield>
    <subfield code="y">BK</subfield>
  </datafield>
  <datafield tag="952" ind1=" " ind2=" ">
    <subfield code="0">0</subfield>
    <subfield code="1">0</subfield>
    <subfield code="2">ddc</subfield>
    <subfield code="4">0</subfield>
    <subfield code="7">0</subfield>
    <subfield code="a">002</subfield>
    <subfield code="b">002</subfield>
    <subfield code="d">2018-01-09</subfield>
    <subfield code="l">0</subfield>
    <subfield code="o">302.2 RON</subfield>
    <subfield code="p">002-2995113</subfield>
    <subfield code="r">2018-01-09</subfield>
    <subfield code="w">2018-01-09</subfield>
    <subfield code="y">BK</subfield>
  </datafield>
  <datafield tag="952" ind1=" " ind2=" ">
    <subfield code="0">0</subfield>
    <subfield code="1">0</subfield>
    <subfield code="2">ddc</subfield>
    <subfield code="4">0</subfield>
    <subfield code="7">0</subfield>
    <subfield code="a">002</subfield>
    <subfield code="b">002</subfield>
    <subfield code="d">2018-01-09</subfield>
    <subfield code="l">0</subfield>
    <subfield code="o">302.2 RON</subfield>
    <subfield code="p">002-2995108</subfield>
    <subfield code="r">2018-01-09</subfield>
    <subfield code="w">2018-01-09</subfield>
    <subfield code="y">BK</subfield>
  </datafield>
  <datafield tag="952" ind1=" " ind2=" ">
    <subfield code="0">0</subfield>
    <subfield code="1">0</subfield>
    <subfield code="2">ddc</subfield>
    <subfield code="4">0</subfield>
    <subfield code="7">0</subfield>
    <subfield code="a">002</subfield>
    <subfield code="b">002</subfield>
    <subfield code="d">2018-01-09</subfield>
    <subfield code="l">0</subfield>
    <subfield code="o">302.2 RON</subfield>
    <subfield code="p">002-2995103</subfield>
    <subfield code="r">2018-01-09</subfield>
    <subfield code="w">2018-01-09</subfield>
    <subfield code="y">BK</subfield>
  </datafield>
  <datafield tag="952" ind1=" " ind2=" ">
    <subfield code="0">0</subfield>
    <subfield code="1">0</subfield>
    <subfield code="2">ddc</subfield>
    <subfield code="4">0</subfield>
    <subfield code="7">0</subfield>
    <subfield code="a">002</subfield>
    <subfield code="b">002</subfield>
    <subfield code="d">2018-01-09</subfield>
    <subfield code="l">0</subfield>
    <subfield code="o">302.2 RON</subfield>
    <subfield code="p">002-2995098</subfield>
    <subfield code="r">2018-01-09</subfield>
    <subfield code="w">2018-01-09</subfield>
    <subfield code="y">BK</subfield>
  </datafield>
  <datafield tag="952" ind1=" " ind2=" ">
    <subfield code="0">0</subfield>
    <subfield code="1">0</subfield>
    <subfield code="2">ddc</subfield>
    <subfield code="4">0</subfield>
    <subfield code="7">0</subfield>
    <subfield code="a">002</subfield>
    <subfield code="b">002</subfield>
    <subfield code="d">2018-01-09</subfield>
    <subfield code="l">0</subfield>
    <subfield code="o">302.2 RON</subfield>
    <subfield code="p">002-2995093</subfield>
    <subfield code="r">2018-01-09</subfield>
    <subfield code="w">2018-01-09</subfield>
    <subfield code="y">BK</subfield>
  </datafield>
</record>
